Model Business Letters <A> classified selection of modern business letters for use in schools and in business
Gespeichert in:
| 1. Verfasser: | |
|---|---|
| Format: | Buch |
| Sprache: | Englisch |
| Veröffentlicht: |
London
Pitman
1987
|
| Ausgabe: | 3. ed. |
| Tags: |
Keine Tags, Fügen Sie das erste Tag hinzu!
|
MARC
| LEADER | 00000nam a2200000 4500 | ||
|---|---|---|---|
| 001 | c025002 | ||
| 005 | 20221219120247.6 | ||
| 041 | 0 | |a eng | |
| 044 | |a GB | ||
| 245 | 1 | 0 | |a Model Business Letters |b <A> classified selection of modern business letters for use in schools and in business |c L. Gartside |
| 250 | |a 3. ed. | ||
| 264 | 1 | |a London |b Pitman |c 1987 | |
| 300 | |a 530 s. | ||
| 100 | 1 | |a Gartside, L. | |